| 000 | 00000cam 2200000zi 4500 |
| 001 | 9.957355 |
| 003 | CaOODSP |
| 005 | 20260602114340 |
| 006 | m o d f |
| 007 | cr cn |||||||| |
| 008 | 251117t20252025oncdab ob f000 0 fre d |
| 020 | |a9780660797403 |
| 040 | |aCaOODSP|bfre|erda|cCaOODSP |
| 043 | |an-cn--- |
| 086 | 1 |aT94-104/2025F-PDF |
| 245 | 00|aBâtir les fondations de demain : |bévaluer l'infrastructure favorisant le logement au Canada : évaluation nationale des infrastructures, rapport 1, 2025. |
| 264 | 1|aOttawa (Ontario) : |bLogement, infrastructures et collectivités Canada = Housing, Infrastructure and Communities Canada, |c2025. |
| 264 | 4|c©2025 |
| 300 | |a1 ressource en ligne (76 pages) : |bcartes, graphiques, illustrations |
| 336 | |atexte|btxt|2rdacontent/fre |
| 337 | |ainformatique|bc|2rdamedia/fre |
| 338 | |aressource en ligne|bcr|2rdacarrier/fre |
| 500 | |aPublié aussi en anglais sous le titre : Building foundations for tomorrow: assessing housing-enabling infrastructure across Canada: national infrastructure assessment, report 1, 2025. |
| 500 | |a« Conseil canadien des infrastructures. » |
| 504 | |aComprend des références bibliographiques. |
| 520 | |a« Alors que le pays s’emploie à résoudre une crise du logement qui s’aggrave, il doit aussi reconnaître que les infrastructures publiques essentielles, y compris celles liées à l’eau et aux eaux usées, à la gestion des déchets ainsi qu’aux réseaux de transport en commun et de transport actif, n’ont pas la capacité de répondre aux besoins futurs. Le Conseil canadien des infrastructures a produit le Rapport 1 de l’Évaluation nationale des infrastructures (ENI), qui est axé sur les infrastructures publiques susmentionnées, ainsi que sur la gouvernance, l’approvisionnement et les systèmes de financement qui influencent leur construction et leur aménagement. Le rapport formule des mesures initiales nécessaires pour faire face à la croissance démographique du Canada et aux changements climatiques »--Résumé, page 8. |
| 650 | 6|aInfrastructure (EĢconomie politique)|xPolitique gouvernementale|zCanada. |
| 710 | 1 |aCanada. |bLogement, infrastructures et collectivités Canada, |eorganisme de publication. |
| 775 | 08|tBuilding foundations for tomorrow : |w(CaOODSP)9.957354 |
| 856 | 40|qPDF|s7.16 Mo|uhttps://publications.gc.ca/collections/collection_2026/licc-hicc/T94-104-2025-fra.pdf |